000 00773nam a2200265Ia 4500
003 OSt
005 20220926013009.0
006 a|||||r|||| 00| 0
007 ta
008 220923b |||||||| |||| 00| 0 eng d
020 _a0063843862
037 _cGeneral Book
040 _aRTL
_cRTL
_beng
041 _2eng
_aeng
082 _aU475:(NB,6), L9
100 _aJordan Terry G
_9250532
245 0 _aHuman mosaic
_b A thematic introduction to cultural
260 _aNew York
_bHarper & Raw U S A
_c1979
300 _axii,482p
_ccm.
500 _aBib chapterwise
650 _aHuman Geography
_91464
700 _a Rowntree Lester
_9250533
942 _hU475:(NB,6), L9
_cGB
_2CC
999 _c624887
_d624887